[Event "Reykjavik Kvika op"]
[Site "Reykjavik"]
[Date "2022.04.06"]
[Round "1"]
[White "Jaksland, Tim"]
[Black "Warmerdam, Max"]
[Result "0-1"]
[WhiteElo "2203"]
[BlackElo "2599"]
[PlyCount "95"]
[EventDate "2022.04.06"]
[EventType "swiss"]
[EventRounds "9"]
[EventCountry "ISL"]
[SourceTitle "CBM 207 Extra"]
[Source "ChessBase"]
[SourceDate "2022.05.31"]
[SourceVersion "1"]
[SourceVersionDate "2022.05.31"]
[SourceQuality "1"]

1. e4 c5 2. c3 d5 3. exd5 Nf6 4. d4 Nxd5 5. Nf3 cxd4 6. Nxd4 e5 7. Bb5+ Bd7 8. Qe2 Qe7 9. Bxd7+ Nxd7 10. Nb5 a6 11. c4 Rc8 12. 0-0 Nf4 13. Bxf4 axb5 14. Be3 bxc4 15. Rc1 Qe6 16. b3 Bb4 17. a3 Ba5 18. Rxc4 Rxc4 19. Qxc4 Qxc4 20. bxc4 Ke7 21. Nd2 Rc8 22. Rb1 b6 23. Rc1 f5 24. g3 Bxd2 25. Bxd2 Ke6 26. Kf1 e4 27. Be3 Kd6 28. Ke2 Ra8 29. Rc3 Kc6 30. Bd4 g6 31. Ke3 Nc5 32. h4 Rd8 33. Bf6 Rd1 34. Ke2 Rb1 35. Bd4 Na4 36. Re3 Rc1 37. Bf6 Rxc4 38. Rb3 Rc2+ 39. Ke3 Nc5 40. Rb2 Rc4 41. Rb4 Rc2 42. Rb2 Rc1 43. Rb4 Rd1 44. Rd4 Re1+ 45. Kd2 Ra1 46. Rb4 Rc1 47. Rb2 Ra1 48. Rxb6+ 0-1